Интенциональность и очевидность. Истоки трансцендентальной феноменологии Гуссерля; Известия Томского политехнического университета [Известия ТПУ]; Т. 311, № 7 : Философия, социология и культурология

Podrobná bibliografie
Parent link:Известия Томского политехнического университета [Известия ТПУ]/ Томский политехнический университет (ТПУ).— , 2000-
Т. 311, № 7 : Философия, социология и культурология.— 2007.— [С. 84-88]
Hlavní autor: Инишев И. Н.
Shrnutí:Заглавие с титульного листа
Электронная версия печатной публикации
Рассматривается соотношение концепций интенциональности и очевидности в феноменологии Эдмунда Гуссерля. Прояснение взаимосвязи этих концептов крайне существенно для экспликации неявных оснований трансформации первоначального дисциплинарно-нейтрального феноменологического проекта в радикальную трансцендентально-философскую доктрину.
Jazyk:ruština
Vydáno: 2007
Edice:Философия, социология и культурология
Témata:
On-line přístup:http://www.lib.tpu.ru/fulltext/v/Bulletin_TPU/2007/v311/i7/18.pdf
Médium: MixedMaterials Elektronický zdroj Kapitola
KOHA link:https://koha.lib.tpu.ru/cgi-bin/koha/opac-detail.pl?biblionumber=172844

MARC

LEADER 00000nla2a2200000 4500
001 172844
005 20231031164358.0
035 |a (RuTPU)RU\TPU\book\187452 
035 |a RU\TPU\book\187450 
090 |a 172844 
100 |a 20091216d2007 k y0rusy50 ca 
101 0 |a rus 
102 |a RU 
135 |a drnn ---uucaa 
181 0 |a i  
182 0 |a b 
200 1 |a Интенциональность и очевидность. Истоки трансцендентальной феноменологии Гуссерля  |b Электронный ресурс  |f И. Н. Инишев 
203 |a Текст  |c электронный 
215 |a 1 файл (178 Кб) 
225 1 |a Философия, социология и культурология 
230 |a Электронные текстовые данные (1 файл : 178 Кб) 
300 |a Заглавие с титульного листа 
300 |a Электронная версия печатной публикации 
320 |a [Библиогр.: с. 88 (2 назв.)] 
330 |a Рассматривается соотношение концепций интенциональности и очевидности в феноменологии Эдмунда Гуссерля. Прояснение взаимосвязи этих концептов крайне существенно для экспликации неявных оснований трансформации первоначального дисциплинарно-нейтрального феноменологического проекта в радикальную трансцендентально-философскую доктрину. 
337 |a Adobe Reader 
461 1 |0 (RuTPU)RU\TPU\book\176237  |t Известия Томского политехнического университета [Известия ТПУ]  |f Томский политехнический университет (ТПУ)  |d 2000- 
463 1 |0 (RuTPU)RU\TPU\book\187385  |t Т. 311, № 7 : Философия, социология и культурология  |v [С. 84-88]  |d 2007  |p 178 с. 
610 1 |a интенциональность 
610 1 |a очевидность 
610 1 |a трансцендентальная феноменология 
610 1 |a феноменология Гуссерля 
610 1 |a концепции 
610 1 |a экспликация 
610 1 |a феноменологический проект 
610 1 |a трансцедентально-философская доктрина 
610 1 |a электронный ресурс 
700 1 |a Инишев  |b И. Н. 
801 1 |a RU  |b 63413507  |c 20090623  |g PSBO 
801 2 |a RU  |b 63413507  |c 20211118  |g PSBO 
856 4 |u http://www.lib.tpu.ru/fulltext/v/Bulletin_TPU/2007/v311/i7/18.pdf 
942 |c CF